Rzeczy, które są zielone według obrazków - Statystyki

Ogólne statystyki
  • Ten quiz został rozwiązany 2 290 razy
    2 289 od ostatniego zresetowania
  • Średni wynik to 13 z 18
Statystyki odpowiedzi
Obrazkowy Hint Odpowiedź % Poprawnych
owoc Kiwi
100%
flaga tego kraju Brazylia
97%
postać fikcyjna Shrek
97%
zwierzę Kameleon
96%
sieć kawiarni Starbucks
95%
warzywo Ogórek
94%
zjawisko Zorza polarna
93%
flaga tego kraju Arabia Saudyjska
92%
Roślina Koniczyna
90%
zwierzę Modliszka
89%
orzech Pistacja
88%
kamień szlachetny Szmaragd
84%
roślina Paproć
79%
związek chemiczny nadający roślinom kolor zielony Chlorofil
57%
zwierzę Iguana
37%
minerał Jadeit
24%
odcień zieleni lub rodzaj kaczki Cyraneczka
11%
warzywo Piżmian jadalny
9%
Nie znaleziono quizów pasujących do podanych kryteriów
Rozkład punktacji
Procent ludzi z każdym wynikiem
Percentyl według liczby udzielonych odpowiedzi
Twoja historia wyników
Nie rozwiązałeś tego quizu od ostatniego zresetowania